000
00310nam a22001337a 4500
008
181003b xxu||||| |||| 00| 0 eng d
020
_a
9781591477389
041
_a
eng
080
_a
316
100
_a
48
101
_a
SOC
245
_a
Senation Seeking And Risky Behavior
_c
Marvin .Z
942
_2
udc
_c
BK
999
_c
48793
_d
48793